| Tag |
First Indicator |
Second Indicator |
Subfields |
| LEADER |
00000cam a2200000Ia 4500 |
| 001 |
in00002725721 |
| 005 |
20151202150224.0 |
| 008 |
120124s2011 txua bt s000 0 eng d |
| 035 |
|
|
|a (OCoLC)ocn773697619
|
| 035 |
|
|
|a (OCoLC)773697619
|
| 040 |
|
|
|a TXA
|c TXA
|d UtOrBLW
|
| 043 |
|
|
|a n-us-tx
|
| 049 |
|
|
|a TXAM
|
| 090 |
|
|
|a HE203
|b .T43 no. 0-6092-2
|
| 245 |
0 |
0 |
|a High RAP mixes design methodology with balanced performance /
|c by Fujie Zhou [and others].
|
| 264 |
|
1 |
|a College Station, Tex. :
|b Texas Transportation Institute, Texas A&M University System,
|c 2011.
|
| 300 |
|
|
|a ix, 35 pages :
|b color illustrations ;
|c 28 cm.
|
| 336 |
|
|
|a text
|b txt
|2 rdacontent
|
| 337 |
|
|
|a unmediated
|b n
|2 rdamedia
|
| 338 |
|
|
|a volume
|b nc
|2 rdacarrier
|
| 490 |
1 |
|
|a Report ;
|v 0-6092-2
|
| 513 |
|
|
|a Technical report;
|b Sept. 2010-Aug. 2011.
|
| 536 |
|
|
|a Performed in cooperation with Texas Dept. of Transportation and U.S. Federal Highway Administration for Texas Dept. of Transportation Research and Technology Implementation Office
|f 0-6092
|
| 500 |
|
|
|a "August 2011. Published: November 2011."
|
| 504 |
|
|
|a Includes bibliographical references.
|
| 650 |
|
0 |
|a Pavements, Asphalt concrete
|x Recycling
|z Texas.
|
| 700 |
1 |
|
|a Zhou, Fujie.
|
| 710 |
1 |
|
|a Texas.
|b Department of Transportation.
|b Research and Technology Implementation Office.
|
| 710 |
2 |
|
|a Texas Transportation Institute.
|
| 710 |
1 |
|
|a United States.
|b Federal Highway Administration.
|
| 830 |
|
0 |
|a Research report (Austin, Tex.) ;
|v 0-6092-2.
|
| 994 |
|
|
|a C0
|b TXA
|
| 948 |
|
|
|a cataloged
|b h
|c 2012/1/24
|d o
|e nbehmer
|f 9:18:32 am
|
| 999 |
|
|
|a MARS
|
| 999 |
f |
f |
|s 17dd98ee-e051-3f11-a3bb-2a4966a9706e
|i 4c3eadf4-f4c4-3470-84c9-4d6085163747
|t 0
|
| 952 |
f |
f |
|p ric
|a Texas A&M University
|b Rellis Campus
|c Joint Library Facility
|d Remote Storage
|t 0
|e HE203 .T43 no. 0-6092-2
|h Library of Congress classification
|i unmediated -- volume
|m A14841342955
|
| 952 |
f |
f |
|p noncirc
|a Texas A&M University
|b College Station
|c Cushing Memorial Library & Archives
|d Cushing: Texas A&M Publications (Remote Storage: 2-3 day retrieval)
|t 0
|e HE203 .T43 no. 0-6092-2
|h Library of Congress classification
|i unmediated -- volume
|
| 998 |
f |
f |
|a HE203 .T43 no. 0-6092-2
|t 0
|l Remote Storage
|
| 998 |
f |
f |
|a HE203 .T43 no. 0-6092-2
|t 0
|l Cushing: Texas A&M Publications (Remote Storage: 2-3 day retrieval)
|